Southville International School and Colleges
Your cart is empty.
  • Cart
  • Lists
    Public lists Eva Luna New books Lux_list list_1
    Your lists Log in to create your own lists
  • Log in to your account
  • Your cookies
  • Search history
Southville International School and Colleges
  • Advanced search
  • Recent comments
  • Most popular
  • Libraries

Log in to your account

Log in with GOOGLE


If you do not have an external account, but do have a local account, you can still log in:

  1. Home
  2. MARC view: Agent A to Agent Z /
Normal view MARC view ISBD view

Agent A to Agent Z / (Record no. 105625)

[ view plain ]
MARC details
000 -LEADER
fixed length control field 00591nam a2200193 a 4500
005 - DATE AND TIME OF LATEST TRANSACTION
control field 20140412111409.0
008 - FIXED-LENGTH DATA ELEMENTS--GENERAL INFORMATION
fixed length control field 070814s19uu xx 00 eng d
020 ## - INTERNATIONAL STANDARD BOOK NUMBER
International Standard Book Number 0-439-67844-7
050 ## - LIBRARY OF CONGRESS CALL NUMBER
Classification number TR(PS E
Item number Ag3 2004
100 ## - MAIN ENTRY--PERSONAL NAME
Personal name Rash, Andy
245 ## - TITLE STATEMENT
Title Agent A to Agent Z /
Statement of responsibility, etc Andy Rash.
260 ## - PUBLICATION, DISTRIBUTION, ETC. (IMPRINT)
Place of publication, distribution, etc New York :
Name of publisher, distributor, etc Arthur A. Levine books,
Date of publication, distribution, etc 2004.
300 ## - PHYSICAL DESCRIPTION
Extent 1 v. (unpaged)
520 ## - SUMMARY, ETC.
Summary, etc A spy named agent A inspects his fellow spies, all similariy named after letters of alphabet.
650 ## - SUBJECT ADDED ENTRY--TOPICAL TERM
Topical term or geographic name as entry element Alphabet
650 ## - SUBJECT ADDED ENTRY--TOPICAL TERM
Topical term or geographic name as entry element Spies
General subdivision Fiction
650 ## - SUBJECT ADDED ENTRY--TOPICAL TERM
Topical term or geographic name as entry element Stories in rhyme
Holdings
Withdrawn status Lost status Damaged status Home library Current library Shelving location Date acquired Source of acquisition Total Checkouts Full call number Barcode Date last seen Price effective from Koha item type
      Elizalde Library Elizalde Library Teachers Reference Section 08/14/2007     TR(PS E Ag3 2004 E10463 04/12/2014 04/12/2014 Books

Agent A to Agent Z /

APA

Rash A., . (2004). Agent A to Agent Z. New York: Arthur A. Levine books.

Chicago

Rash Andy, . 2004. Agent A to Agent Z. New York: Arthur A. Levine books.

Harvard

Rash A., . (2004). Agent A to Agent Z. New York: Arthur A. Levine books.

MLA

Rash Andy, . Agent A to Agent Z. New York: Arthur A. Levine books. 2004.

  • Place hold
  • Print
  • Cite
  • Add to your cart (remove)
  • Save record
    BIBTEX Dublin Core MARCXML MARC (non-Unicode/MARC-8) MARC (Unicode/UTF-8) MARC (Unicode/UTF-8, Standard) MODS (XML) RIS
  • More searches
    Search for this title in:
    Other Libraries (WorldCat) Other Databases (Google Scholar) Online Stores (Bookfinder.com) Open Library (openlibrary.org)

Exporting to Dublin Core...

SOUTHVILLE LIBRARY

Southville International School and Colleges Library

1281 Tropical Ave. Cor. Luxembourg St., BF Homes International, Las Pinas City

Tel. No. 8256374 / 252358 Loc. 117/146

Powered by Koha